{"text_format":"3","workbook":"xlsx","n_sheets":1,"sheets":["Sheet7"],"read":"whole","date_system":"1900"}

{"sheet":"Sheet7","index":0,"n_rows":20,"n_cols":10,"rows_kept":20,"merged":[[0,0,0,9],[15,0,15,4],[15,5,15,6],[15,7,15,9],[16,0,16,9],[17,5,17,9],[18,5,18,9],[19,5,19,9]]}
["2023年“P”项目苗木补植采购报价表（2）"]
["序号","植物名称","规 格(cm)","单位","数量","全费用单价限价（元）","限价合计（元）","供应商所报单价（元）","合价","备注"]
[1,"栾树","胸径：20cm，高度：600cm、冠幅350cm、全树冠，树冠饱满，树形优美，苗圃二年生熟货","株",5,850,{"$f":"F3*E3","v":4250}]
[2,"朴树","胸径：35cm，高度：1200cm、冠幅600cm、全树冠，树冠饱满，树形优美，苗圃二年生熟货","株",4,11000,44000]
[3,"朴树","胸径：30cm，高度：1000cm、冠幅500cm、全树冠，树冠饱满，树形优美，苗圃二年生熟货","株",2,8500,17000]
[4,"垂丝海棠丛生","地径：18cm，高度：600cm、冠幅500cm、全树冠，冠幅饱满，树形优美，苗圃二年生熟货","丛",3,1800,5400]
[5,"垂丝海棠丛生","地径：15cm，高度：500cm、冠幅400cm、全树冠，冠幅饱满，树形优美，苗圃二年生熟货","株",8,1200,{"$f":"F7*E7","v":9600}]
[6,"丛生黄连木c","高度：1000cm、冠幅700cm、全树冠，≥3分枝，合计杆径60cm，苗圃二年生熟货","株",1,8500,{"$f":"F8*E8","v":8500}]
[7,"西府海棠","胸径：8cm，高度：300cm、冠幅200cm、全树冠，冠幅饱满，树形优美，苗圃二年生熟货","株",2,380,{"$f":"F9*E9","v":760}]
[8,"丛生香樟","高度：800cm、冠幅600cm、全树冠，≥3分支，130cm起量合计杆径45cm，苗圃二年生熟货","株",3,6500,{"$f":"F10*E10","v":19500}]
[9,"丛生香樟","高度：1000cm、冠幅700cm、全树冠，≥3分支，130cm起量合计杆径50cm，苗圃二年生熟货","株",1,7500,{"$f":"F11*E11","v":7500}]
[10,"香樟","胸径：12cm，高度：500cm、冠幅300cm、全树冠，冠幅饱满，树形优美，苗圃二年生熟货","株",{"$f":"43+49","v":92},700,{"$f":"F12*E12","v":64400}]
[11,"香樟","胸径：15cm，高度：600cm、冠幅350cm、全树冠，冠幅饱满，树形优美，苗圃二年生熟货","株",8,1000,{"$f":"F13*E13","v":8000}]
[12,"丛生蓝花楹","高度：1100cm、冠幅800cm、全树冠，≥3分支，130cm起量合计杆径60cm，苗圃二年生熟货","丛",1,10000,{"$f":"F14*E14","v":10000}]
[13,"丛生桂花","高度：400cm、冠幅400cm、全树冠，树形饱满，丛生树形，银桂，苗圃二年生熟货","丛",1,3800,{"$f":"F15*E15","v":3800}]
["合  计（备注开票税点）",{"$nulls":4},202710]
["备注：1.苗木价格均为含税到场（指定地点）综合包干价，含买价、上车费、运费、运输损耗、换车型造成的二次转运费、利润、各种风险费用、税金等全部费用；\n 2.要求开具的发票为一般纳税人增值税专票（9%税率）或小规模纳税人增值税专用发票（3%税率）或农产品专用发票（免税的增值税普票）； "]
[{"$nulls":5},"  报价单位（公章）："]
[{"$nulls":5},"  法人或委托代理人及电话："]
[{"$nulls":5},"  时间：      年    月    日"]